[Event "ch-NED w 2014"]
[Site "Amsterdam NED"]
[Date "2014.07.11"]
[Round "5.4"]
[White "Lanchava, Tea"]
[Black "Padurariu, Ioana-Smaranda"]
[Result "1-0"]
[WhiteTitle "IM"]
[BlackTitle "WIM"]
[WhiteElo "2286"]
[BlackElo "2205"]
[WhiteFideId "1005308"]
[BlackFideId "1210947"]
[EventDate "2014.07.06"]

1. Nf3 Nf6 2. d4 e6 3. e3 b6 4. Bd3 Bb7 5. O-O c5 6. b3 Be7 7. Bb2 O-O 8. Nbd2
cxd4 9. exd4 d6 10. c4 Nbd7 11. Re1 Re8 12. Rc1 Rc8 13. Nf1 Rc7 14. h3 Qa8 15.
Re3 Nf8 16. g3 h6 17. Qe2 b5 18. d5 bxc4 19. bxc4 e5 20. Ba3 N8d7 21. Bb1 Ba6
22. Rec3 Nxd5 23. Qc2 N5f6 24. Nh4 Bf8 25. Ne3 Bb7 26. Qd1 Nc5 27. Nhf5 Bf3 28.
Qf1 Nce4 29. Rd3 Nc5 30. Rd2 Nfe4 31. Rb2 Ng5 32. h4 Nge6 33. Rd2 g6 34. Nxd6
Rd8 35. Bxc5 Rxc5 36. Rcd1 Nd4 37. Nb5 Bxd1 38. Nxd4 exd4 39. Qxd1 Bg7 40. Bc2
Re8 41. Nd5 Qd8 42. Bb3 h5 43. Kh2 Qd6 44. Nf4 Rf5 45. Nd3 Qf6 46. c5 Bf8 47.
Ba4 Re4 48. Rc2 Bxc5 49. Bd7 Rd5 50. Qh1 Rxh4+ 51. gxh4 Qxh4+ 52. Bh3 Bd6+ 53.
Kg1 Rb5 54. Rc1 Qg5+ 55. Qg2 Qd2 56. Qe4 Rg5+ 57. Bg2 Kh7 58. Qxd4 Bc5 59. Rxc5
Rxc5 60. Qxc5 Qxd3 61. Qxa7 Qd1+ 62. Kh2 Qd6+ 63. Kh3 Qe6+ 64. Kg3 Qe5+ 65. f4
h4+ 66. Kf3 Qd5+ 67. Kf2 Qd2+ 68. Kg1 Qe1+ 69. Kh2 Qg3+ 70. Kh1 Qxf4 71. Qa3 f5
72. Qf3 Qe5 73. Bf1 g5 74. Qh5+ Kg7 75. Qxg5+ Kf8 76. Qh6+ Ke8 77. Qc6+ Ke7 78.
a4 Qe1 79. Qf3 Kf6 80. Kh2 Qb4 81. Qc6+ Kg5 82. Qc1+ f4 83. Bb5 Kg4 84. Qg1+ Kf5
85. Bd3+ Kf6 86. Qg6+ Ke5 87. Qf5+ 1-0

[Event "ch-NED w 2014"]
[Site "Amsterdam NED"]
[Date "2014.07.12"]
[Round "6.1"]
[White "Padurariu, Ioana-Smaranda"]
[Black "Hortensius, Lisa"]
[Result "0-1"]
[WhiteTitle "WIM"]
[WhiteElo "2205"]
[BlackElo "2162"]
[WhiteFideId "1210947"]
[BlackFideId "1012339"]
[EventDate "2014.07.06"]

1. e4 c5 2. Nf3 e6 3. d4 cxd4 4. Nxd4 Nc6 5. Nc3 Qc7 6. Be3 a6 7. Qd2 Nf6 8.
O-O-O Be7 9. f3 b5 10. g4 Nxd4 11. Qxd4 Bb7 12. g5 Nh5 13. Bh3 Rc8 14. Qd2 b4
15. Ne2 d5 16. Bg4 g6 17. Bxh5 gxh5 18. Ng3 d4 19. Bf4 e5 20. Bxe5 Qxe5 21. f4
Qc7 22. Kb1 O-O 23. Nf5 Bc5 24. Ng3 Kh8 25. Rhe1 Rfe8 26. Nxh5 Rxe4 27. Qd3 f5
28. gxf6 Rce8 29. Rg1 Qf7 30. Qh3 Re3 31. Qf5 Bf3 32. Ng7 Rf8 33. Qxc5 Bxd1 34.
Qxd4 Bxc2+ 35. Kxc2 Re2+ 36. Kb1 Qxf6 37. Qxb4 Rg8 38. Rg3 Re7 39. Nh5 Qf5+ 40.
Kc1 Rc7+ 41. Rc3 Rg1+ 42. Kd2 Rd7+ 43. Ke3 Qxh5 44. Rc8+ Rg8 45. Qc3+ Rg7 46.
Rxg8+ Kxg8 47. Qc8+ Kf7 48. Qd7+ Kf8 49. Qd6+ Re7+ 0-1

[Event "ch-NED w 2014"]
[Site "Amsterdam NED"]
[Date "2014.07.12"]
[Round "6.2"]
[White "Muhren, Bianca"]
[Black "Lanchava, Tea"]
[Result "1-0"]
[WhiteTitle "WGM"]
[BlackTitle "IM"]
[WhiteElo "2296"]
[BlackElo "2286"]
[WhiteFideId "1008498"]
[BlackFideId "1005308"]
[EventDate "2014.07.06"]

1. e4 g6 2. d4 Bg7 3. Nc3 c6 4. h3 d6 5. Be3 Nd7 6. Qd2 Ngf6 7. O-O-O b5 8. e5
b4 9. exf6 bxc3 10. Qxc3 Nxf6 11. Qxc6+ Bd7 12. Qa6 Rb8 13. Bc4 Qc7 14. Bb3 O-O
15. Qc4 Qb7 16. f3 a5 17. a4 d5 18. Qd3 Bf5 19. Qb5 Qa8 20. Qf1 Qc6 21. Kd2 e5
22. Ne2 Bxc2 23. Bxc2 Rxb2 24. Rc1 Rc8 25. Qd1 e4 26. Ke1 Rxc2 27. Rxc2 Qxc2 28.
Qxc2 Rxc2 29. Kf2 Ra2 30. Rc1 Bf8 31. Rc8 Kg7 32. Bf4 Nh5 33. Bc7 exf3 34. Kxf3
Ra3+ 35. Kf2 Be7 36. g4 Bh4+ 37. Kg2 Re3 38. Nc3 f6 39. Bd6 Ng3 40. Rc7+ Kg8 41.
Nxd5 Rd3 42. Ne7+ Kh8 43. Bf4 g5 44. Bxg3 Rxg3+ 45. Kh2 Ra3 46. Nf5 Kg8 47. d5
Kf8 48. d6 Ra2+ 49. Kh1 Ra1+ 50. Kg2 Ra2+ 51. Kf3 Ra3+ 52. Ke2 Ra2+ 53. Kd3 Ra3+
54. Kc2 Bf2 55. d7 1-0

[Event "ch-NED w 2014"]
[Site "Amsterdam NED"]
[Date "2014.07.12"]
[Round "6.3"]
[White "Kazarian, Anna-Maja"]
[Black "Peng, Zhaoqin"]
[Result "0-1"]
[WhiteTitle "WFM"]
[BlackTitle "GM"]
[WhiteElo "2025"]
[BlackElo "2402"]
[WhiteFideId "1033689"]
[BlackFideId "1004786"]
[EventDate "2014.07.06"]

1. e4 e6 2. d4 d5 3. exd5 exd5 4. c4 Nf6 5. Nc3 Be7 6. Bd3 O-O 7. Nge2 dxc4 8.
Bxc4 a6 9. O-O b5 10. Bd3 Bb7 11. Ng3 g6 12. Be3 Nc6 13. Re1 Re8 14. Be2 Nb4 15.
a3 Nbd5 16. Bf3 Nxc3 17. bxc3 Bxf3 18. Qxf3 Qd5 19. a4 Qxf3 20. gxf3 Nd5 21.
axb5 axb5 22. Bd2 f5 23. Nf1 Rxa1 24. Rxa1 f4 25. c4 bxc4 26. Rc1 Bh4 27. Rxc4
Re2 28. Rc5 Bxf2+ 29. Kh1 c6 30. Rxc6 Bxd4 31. Rd6 Rf2 32. Ng3 fxg3 33. hxg3
Rxd2 34. Rxd5 Bc3 35. Rc5 Bb4 36. Rb5 Bd6 37. f4 Kf7 38. Rb7+ Be7 39. Kg1 h5 40.
Kf1 Ke6 41. Rb5 Rc2 42. Re5+ Kf6 43. Rb5 Bc5 44. Rb7 Kf5 45. Rf7+ Kg4 46. Rg7
Kf3 47. Ke1 Be3 0-1

[Event "ch-NED w 2014"]
[Site "Amsterdam NED"]
[Date "2014.07.12"]
[Round "6.4"]
[White "Haast, Anne"]
[Black "Paulet, Iozefina"]
[Result "1-0"]
[WhiteTitle "WIM"]
[BlackTitle "WGM"]
[WhiteElo "2296"]
[BlackElo "2227"]
[WhiteFideId "1017292"]
[BlackFideId "1213261"]
[EventDate "2014.07.06"]

1. e4 c5 2. Nf3 d6 3. d4 cxd4 4. Nxd4 Nf6 5. Nc3 a6 6. Qf3 g6 7. h3 Bg7 8. Be3
O-O 9. g4 Nfd7 10. O-O-O Nc6 11. Kb1 Re8 12. Qg2 Nf8 13. h4 Ne5 14. Be2 b5 15.
h5 b4 16. Nd5 e6 17. Nxb4 Bd7 18. c3 a5 19. Nbc2 Rb8 20. f4 Nc6 21. e5 Qb6 22.
Nb5 Qb7 23. Rxd6 Rec8 24. a4 g5 25. Bf3 Qa6 26. Ncd4 gxf4 27. Bxc6 Bxe5 28. Bxd7
Bxd6 29. Bxc8 Rxc8 30. Bc1 Be5 31. Qe4 Bxd4 32. Qxd4 f3 33. Qe3 Qc6 34. Qg5+ Ng6
35. hxg6 Qe4+ 36. Ka1 fxg6 37. Qe7 Qxa4+ 38. Na3 h5 39. Qxe6+ Kg7 40. Qxc8 hxg4
41. Bg5 f2 42. Qh8+ Kf7 43. Qf6+ 1-0

[Event "ch-NED w 2014"]
[Site "Amsterdam NED"]
[Date "2014.07.13"]
[Round "7.1"]
[White "Lanchava, Tea"]
[Black "Kazarian, Anna-Maja"]
[Result "1/2-1/2"]
[WhiteTitle "IM"]
[BlackTitle "WFM"]
[WhiteElo "2286"]
[BlackElo "2025"]
[WhiteFideId "1005308"]
[BlackFideId "1033689"]
[EventDate "2014.07.06"]

1. d4 d5 2. c4 c6 3. cxd5 cxd5 4. Nc3 Nf6 5. Bf4 Nc6 6. e3 Bf5 7. Qb3 Na5 8.
Qa4+ Bd7 9. Bb5 Nc4 10. b3 Nb6 11. Qa5 Nh5 12. Be5 f6 13. Bg3 Nxg3 14. hxg3 Bxb5
15. Qxb5+ Qd7 16. Qd3 Rc8 17. Nge2 e5 18. dxe5 fxe5 19. Rd1 Bb4 20. Kf1 e4 21.
Qd4 Bxc3 22. Nxc3 O-O 23. Rh4 g5 24. Rh3 Qf5 25. Rd2 Rc6 26. Kg1 Rff6 27. a4 a5
28. Nxd5 Nxd5 29. Qxd5+ Qxd5 30. Rxd5 Rc1+ 31. Kh2 h6 32. g4 Rc2 33. Rd8+ Kg7
34. Rd7+ Kg6 35. Rxb7 Rfxf2 36. Rg3 Rb2 37. Rb5 Rfe2 38. Re5 Rxb3 39. Rxe4 Rb4
40. Re6+ Kg7 41. Re7+ Kg6 42. Kh3 Rxa4 43. Rf3 Rf4 44. Re6+ Kf7 45. Re4 Rxf3+
46. gxf3 a4 47. Rxa4 Rxe3 48. Kg3 Re2 49. Ra5 Rb2 50. Ra3 Kg6 51. f4 gxf4+ 52.
Kxf4 Rb4+ 53. Kg3 Rb5 54. Ra8 h5 55. Ra6+ Kg5 56. gxh5 Kxh5 1/2-1/2

[Event "ch-NED w 2014"]
[Site "Amsterdam NED"]
[Date "2014.07.13"]
[Round "7.2"]
[White "Peng, Zhaoqin"]
[Black "Haast, Anne"]
[Result "0-1"]
[WhiteTitle "GM"]
[BlackTitle "WIM"]
[WhiteElo "2402"]
[BlackElo "2296"]
[WhiteFideId "1004786"]
[BlackFideId "1017292"]
[EventDate "2014.07.06"]

1. Nf3 d5 2. d4 Nf6 3. c4 dxc4 4. Qa4+ Nbd7 5. Nc3 e6 6. e4 c5 7. d5 exd5 8. e5
d4 9. exf6 dxc3 10. Bxc4 Qxf6 11. Bg5 Qc6 12. Qxc6 bxc6 13. O-O-O f6 14. Rhe1+
Be7 15. Bf4 Nb6 16. Bb3 c4 17. Bd6 O-O 18. Bxe7 cxb3 19. axb3 cxb2+ 20. Kxb2 Re8
21. Nd4 Bd7 22. Bc5 Rxe1 23. Rxe1 Nd5 24. g3 a6 25. Rc1 Kf7 26. Bd6 Rc8 27. Ra1
c5 28. Ne2 Ke6 29. Bf4 Bb5 30. Re1 Nxf4 31. Nxf4+ Kf7 32. Kc3 Rd8 33. h4 Rd6 34.
Re3 Rd1 35. Ne6 c4 36. Nd4 cxb3 37. Nxb5 axb5 38. Kxb3 Rd2 39. f3 f5 40. Kb4 f4
41. gxf4 Rd4+ 42. Kxb5 Rxf4 43. Kc5 Rxh4 44. Kd5 Rf4 45. Ke5 g5 46. Ra3 Kg6 47.
Rb3 Kh5 0-1

[Event "ch-NED w 2014"]
[Site "Amsterdam NED"]
[Date "2014.07.13"]
[Round "7.3"]
[White "Paulet, Iozefina"]
[Black "Padurariu, Ioana-Smaranda"]
[Result "1/2-1/2"]
[WhiteTitle "WGM"]
[BlackTitle "WIM"]
[WhiteElo "2227"]
[BlackElo "2205"]
[WhiteFideId "1213261"]
[BlackFideId "1210947"]
[EventDate "2014.07.06"]

1. e4 c5 2. Nc3 Nc6 3. Nf3 e6 4. d4 cxd4 5. Nxd4 Qc7 6. Be2 a6 7. O-O Nf6 8. Be3
Bb4 9. Na4 Be7 10. Nxc6 bxc6 11. Nb6 Rb8 12. Nxc8 Qxc8 13. Bd4 Qc7 14. e5 Nd5
15. b3 a5 16. c4 Nf4 17. Bf3 O-O 18. Qd2 Ng6 19. Rfe1 Bb4 20. Bc3 Bxc3 21. Qxc3
c5 1/2-1/2

[Event "ch-NED w 2014"]
[Site "Amsterdam NED"]
[Date "2014.07.13"]
[Round "7.4"]
[White "Hortensius, Lisa"]
[Black "Muhren, Bianca"]
[Result "0-1"]
[BlackTitle "WGM"]
[WhiteElo "2162"]
[BlackElo "2296"]
[WhiteFideId "1012339"]
[BlackFideId "1008498"]
[EventDate "2014.07.06"]

1. e4 c5 2. Nf3 d6 3. d4 cxd4 4. Nxd4 Nf6 5. Nc3 a6 6. Be3 e5 7. Nb3 Be6 8. h3
Be7 9. f4 exf4 10. Bxf4 Nc6 11. Qe2 Nd7 12. O-O-O Nce5 13. Qe3 O-O 14. Kb1 Rc8
15. g4 Re8 16. Nd4 Qa5 17. Nf5 Bf6 18. Nd5 Rxc2 19. Kxc2 Qa4+ 20. Kc1 Rc8+ 21.
Kd2 Bxd5 22. exd5 Rc2+ 23. Ke1 Qb4+ 24. Rd2 Rxd2 25. Qxd2 Nf3+ 26. Kd1 Nxd2 27.
Bxd2 Qe4 28. Rg1 Ne5 29. Nxd6 Qb1+ 30. Ke2 Qxb2 31. Bg2 Qa3 32. Ne4 Qd3+ 33. Ke1
Bh4+ 34. Kd1 Nc4 35. Kc1 Ne3 36. Kb2 Qc2+ 37. Ka1 Nd1 38. Rxd1 Qxd1+ 39. Kb2 Qe2
40. Bh1 Qf1 0-1